Around town / (Record no. 4752)

MARC details
000 -LEADER
fixed length control field 01036cam a22003497a 4500
001 - CONTROL NUMBER
control field 4752
003 - CONTROL NUMBER IDENTIFIER
control field FISKH
005 - DATE AND TIME OF LATEST TRANSACTION
control field 20250512110105.0
008 - FIXED-LENGTH DATA ELEMENTS--GENERAL INFORMATION
fixed length control field 090519s2009 nyua b 000 1 eng c
010 ## - LIBRARY OF CONGRESS CONTROL NUMBER
LC control number 2009436437
020 ## - INTERNATIONAL STANDARD BOOK NUMBER
International Standard Book Number 9780756645205
020 ## - INTERNATIONAL STANDARD BOOK NUMBER
International Standard Book Number 0756645204
020 ## - INTERNATIONAL STANDARD BOOK NUMBER
International Standard Book Number 9780756645212 (pbk.)
020 ## - INTERNATIONAL STANDARD BOOK NUMBER
International Standard Book Number 0756645212 (pbk.)
035 ## - SYSTEM CONTROL NUMBER
System control number (OCoLC)ocn230204924
040 ## - CATALOGING SOURCE
Original cataloging agency BTCTA
Transcribing agency BTCTA
Modifying agency BAKER
-- FTL
-- WIM
-- UPZ
-- B2A
-- DLC
050 ## - LIBRARY OF CONGRESS CALL NUMBER
Classification number PZ7
082 ## - DEWEY DECIMAL CLASSIFICATION NUMBER
Classification number 307.76
100 1# - MAIN ENTRY--PERSONAL NAME
Personal name Taylor, Victoria
245 10 - TITLE STATEMENT
Title Around town /
Statement of responsibility, etc. written by Victoria Taylor.
260 ## - PUBLICATION, DISTRIBUTION, ETC.
Place of publication, distribution, etc. New York :
Name of publisher, distributor, etc. Dorling Kindersley,
Date of publication, distribution, etc. 2009.
300 ## - PHYSICAL DESCRIPTION
Extent 32 pages : color illustrations ; 23 cm
490 0# - SERIES STATEMENT
Series statement DK readers. Level 1, Beginining to read
505 ## - FORMATTED CONTENTS NOTE
Formatted contents note M<br/>
520 ## - SUMMARY, ETC.
Summary, etc. "Explore an exciting and eventful day in the town of LEGO Ville"
521 8# - TARGET AUDIENCE NOTE
Target audience note 530<br/>
Source Lexile<br/>
521 8# - TARGET AUDIENCE NOTE
Target audience note M<br/>
Source Raz-Plus<br/>
650 ## - SUBJECT ADDED ENTRY--TOPICAL TERM
Topical term or geographic name entry element Transportation
Form subdivision Lego
906 ## - LOCAL DATA ELEMENT F, LDF (RLIN)
a 7
b cbc
c copycat
d 4
e ncip
f 20
g y-gencatlg
942 ## - ADDED ENTRY ELEMENTS (KOHA)
Source of classification or shelving scheme Dewey Decimal Classification
Koha item type Books
Suppress in OPAC No
Holdings
Withdrawn status Lost status Source of classification or shelving scheme Damaged status Not for loan Collection Home library Current library Shelving location Date acquired Total Checkouts Full call number Barcode Date last seen Copy number Price effective from Koha item type
    Dewey Decimal Classification     Juvenile Fiction Footprints International School Library Network Toul Kork Campus Footprints International School Library Network Toul Kork Campus TK Primary Library Room(4th Floor), Bookcase 1&2, Shelves 1-16, Dark Blue Books 05/12/2025   TAY 307.76 PZ7 FISTK01416 05/12/2025 1 05/12/2025 Books